00481nam a2200121Ia 4500008004100000100002100041245010800062245003900170650001300209856004500222999001900267952007300286170221s9999 xx 000 0 und d aMichael Gaffikin 4aThe Moral Reasoning of Public Accountants in the Development of a Code of Ethics: the Case of Indonesia cMichael Gaffikin and ASL Lindawati xBusiness uhttp://ro.uow.edu.au/aabfj/vol6/iss1/10/ c307922d307922 001040aCLbCLd2017-02-21l0r2017-02-21 00:00:00w2017-02-21yFOJ